Φορτώνει......

Nishayanam /

Λεπτομέρειες βιβλιογραφικής εγγραφής
Κύριος συγγραφέας: Raghavan Nambyar, K. M.
Γλώσσα:Undetermined
Έκδοση: Kozhikode : poorna pubs , 1986.
LEADER 00592nam a2200145Ia 4500
001 59488
008 170722s9999 xx 000 0 und d
100 |a Raghavan Nambyar, K. M. 
245 |a Nishayanam / 
260 |a Kozhikode :  |b poorna pubs ,  |c 1986. 
300 |a 99 p.  |c 18cms 
942 |c GEN 
999 |c 106801  |d 106801 
952 |0 0  |1 0  |4 0  |6 O_322N3417N_M6KRM61  |7 0  |9 150526  |a LIB  |b LIB  |d 2017-08-12  |o O32,2N3417,N M6(KR)-M6;1  |p 202730  |r 2017-08-12  |v 10.00  |w 2017-08-12  |y GEN 
952 |0 0  |1 0  |4 0  |6 O_322N3417N_M6KRM61  |7 0  |9 150527  |a LIB  |b LIB  |d 2017-08-12  |o O32,2N3417,N M6(KR)-M6;1  |p 202731  |r 2017-08-12  |v 10.00  |w 2017-08-12  |y GEN